The Most Expensive La Liga Transfers - Statistics

General Stats
  • This quiz has been taken 43 times
  • The average score is 11 of 15
Answer Stats
Fee (€) Season Destination Player % Correct
94m 09/10 Real Madrid Cristiano Ronaldo
98%
126m 19/20 Atlético Madrid João Felix
93%
81.72m 14/15 FC Barcelona Luis Suárez
90%
120m 19/20 FC Barcelona Antoine Griezmann
88%
138m 17/18 FC Barcelona Ousmane Dembélé
88%
101m 13/14 Real Madrid Gareth Bale
85%
145m 17/18 FC Barcelona Philippe Coutinho
83%
115m 19/20 Real Madrid Eden Hazard
80%
88.2m 13/14 FC Barcelona Neymar
80%
77.5m 01/02 Real Madrid Zinedine Zidane
78%
67m 09/10 Real Madrid Kaká
68%
75m 19/20 FC Barcelona Frenkie de Jong
55%
69.5m 09/10 FC Barcelona Zlatan Ibrahimović
53%
70m 18/19 Atlético Madrid Thomas Lemar
50%
75m 14/15 Real Madrid James Rodríguez
48%
No matching quizzes found
Score Distribution
Percent of People with Each Score
Percentile by Number Answered
Your Score History
You have not taken this quiz